000 00666nam a2200289Ia 4500
001 4089
003 8136
005 20241030062649.0
008 ||||||n9999 ||| || ||
020 _a9589074685
041 _aspa
082 _219
_a333
100 _aGilhodes, Pierre
_97442
245 0 _aLas luchas agrarias en Colombia
250 _a4ed
260 _aBogotá :
_bEcoe Ediciones,
_c1988.
300 _a90p
562 _e3
650 0 _aCampesinos
_9134
650 _aCOLOMBIA
_97443
650 0 _aLuchas sociales
_92040
650 0 _aTenencia de la tierra
_9124643
942 _cBKM
999 _c4089
_d4089
526 _a4969
526 _a51868
526 _a1697